LEADER 01129nam0 22002653i 450 001 996433849203316 005 20210820153455.0 100 $a19921014d1979----||||0itac50 ba 101 0 $aita 102 $aIT 105 $ay 200 1 $aRepertorio delle tesi di laurea di storia lombarda$ecatalogo delle tesi sulla storia della Lombardia dal 1815 ad oggi, discusse nelle università lombarde (1944-1977)$fa cura del Centro per la storia della Lombardia moderna e contemporanea, Istituto di storia medioevale e moderna, Facoltà di lettere e filosofia, Università degli studi di Milano 210 1 $aMilano$cRegione Lombardia$d1979 215 $aXXV, 432 p.$d20 cm 225 2 $aQDR$eQuaderni di documentazione regionale.$v5 410 0$12001$aQDR$eQuaderni di documentazione regionale.$v5 676 $a016.9452 712 02$aCentro per la storia della Lombardia moderna e contemporanea 801 0$aIT$bcba$gREICAT 912 $a996433849203316 951 $aVI.7.B. 3329$b5229 ISLA$cVI.7$d541847 959 $aBK 969 $aISLA 996 $aRepertorio delle tesi di laurea di storia lombarda$91864145 997 $aUNISA LEADER 02466nam 2200601 a 450 001 9910137627403321 005 20200520144314.0 010 $a3-527-64611-6 010 $a1-280-69818-7 010 $a9786613675149 010 $a3-527-64612-4 010 $a3-527-64609-4 035 $a(CKB)3190000000022662 035 $a(EBL)938874 035 $a(OCoLC)795120563 035 $a(SSID)ssj0000667306 035 $a(PQKBManifestationID)11409837 035 $a(PQKBTitleCode)TC0000667306 035 $a(PQKBWorkID)10694229 035 $a(PQKB)11468310 035 $a(MiAaPQ)EBC938874 035 $a(Au-PeEL)EBL938874 035 $a(CaPaEBR)ebr10580144 035 $a(CaONFJC)MIL367514 035 $a(EXLCZ)993190000000022662 100 $a20120801d2012 uy 0 101 0 $aeng 135 $aur|n|---||||| 181 $ctxt 182 $cc 183 $acr 200 00$aIntegrative computational materials engineering$b[electronic resource] $econcepts and applications of a modular simulation platform /$fedited by Georg J. Schmitz and Ulrich Prahl 210 $aWeinheim, Germany $cWiley-VCH$d2012 215 $a1 online resource (346 p.) 300 $aDescription based upon print version of record. 311 $a3-527-33081-X 320 $aIncludes bibliographical references and index. 327 $apt. 1. Concepts -- pt. 2. Applications. 330 $aPresenting the results of an ambitious project, this book summarizes the efforts towards an open, web-based modular and extendable simulation platform for materials engineering that allows simulations bridging several length scales. In so doing, it covers processes along the entire value chain and even describes such different classes of materials as metallic alloys and polymers. It comprehensively describes all structural ideas, the underlying concepts, standard specifications, the verification results obtained for different test cases and additionally how to utilize the platform as a user an 606 $aMaterials 606 $aEngineering$xSimulation methods 615 0$aMaterials. 615 0$aEngineering$xSimulation methods. 676 $a620.110113 701 $aSchmitz$b Georg J$0931662 701 $aPrahl$b Ulrich$0931663 801 0$bMiAaPQ 801 1$bMiAaPQ 801 2$bMiAaPQ 906 $aBOOK 912 $a9910137627403321 996 $aIntegrative computational materials engineering$92095670 997 $aUNINA